Statistics for Biggest World Cities by Letter - P

Click here to take the quiz!

General Stats

  • This quiz has been taken 58,352 times
    (35,774 since last reset)
  • The average score is 9 of 18

Answer Stats

CountryPopulationCity% Correct
France11.4 milParis
100%
Czech Republic1.43 milPrague
87%
Panama1.51 milPanama City
86%
Australia2.05 milPerth
82%
United States7.35 milPhiladelphia
82%
North Korea2.93 milPyongyang
80%
Haiti3.13 milPort-au-Prince
70%
Cambodia2.18 milPhnom Penh
62%
United States2.08 milPittsburgh
58%
United States2.40 milPortland
57%
United States4.58 milPhoenix
54%
India6.70 milPune
28%
Brazil4.10 milPorto Alegre
28%
Mexico3.13 milPuebla
19%
Pakistan2.28 milPeshawar
15%
India2.63 milPatna
11%
Nigeria2.28 milPort Harcourt
11%
Indonesia1.69 milPalembang
9%

Score Distribution

Percentile by Number Answered

Percent of People with Each Score

Your Score History

You have not taken this quiz since the last reset